| 000 | 00378nam a22001577a 4500 | ||
|---|---|---|---|
| 003 | CEME | ||
| 005 | 20210628202100.0 | ||
| 008 | 210416b xxu||||| |||| 00| 0 eng d | ||
| 040 | _c. | ||
| 082 | _a621.382 BRO'T | ||
| 100 |
_a Glazieo, E. V. D ,Brown, _958206 |
||
| 245 | _aTelecommunication | ||
| 260 |
_aLONDON _bCHAPMAN & HALL _c1974 |
||
| 300 | _a382P | ||
| 942 |
_cBK _2ddc |
||
| 999 |
_c568407 _d568407 |
||